000 00673nam a22002057a 4500
005 20240517052910.0
008 240517b |||||||| |||| 00| 0 eng d
020 _a9789393864338
040 _aIN-DiNC
_cIN-DiNC
041 _deng
082 _a954.162
_bSOC
245 _aSocial cultural and political history of colonial Assam/
_ced. by Rabindra Bordoloi, Deva Jyoti Chetia and Atul Hazarika
260 _aGuwahati:
_bAssam College Teachers Association,
_c2024.
300 _axii, 362p.
650 _aColonial history of Assam
700 _aBordoloi, Rabindra
_eEditor
700 _aChetia, Deva Jyoti
_eEditor
700 _aHazarika, Atul
_eEditor
942 _2ddc
_cBK
999 _c11819
_d11819